Générique Beyblade Metal Fusion - Statistiques

Statistiques générales
  • Ce quiz a été pris 181 fois
  • Le résultat moyen est 54 sur 69
Statistiques - réponses
Réponse % Correct
Beyblade
99%
Beyblade
99%
Beyblade
99%
Beyblade
99%
Beyblade
99%
Beyblade
99%
Beyblade
99%
Beyblade
99%
Beyblade
99%
Hyper
97%
Hyper
97%
Hyper
97%
Hyper
97%
Hyper
97%
Hyper
97%
Hyper
97%
Vitesse
97%
Vitesse
97%
Vitesse
97%
Vitesse
97%
Vitesse
97%
Vitesse
97%
vitesse
97%
Vitesse
97%
à
90%
à
90%
métal
90%
Metal
90%
Metal
90%
que
80%
Fusion
80%
Fusion
80%
la
80%
que
80%
Pour
79%
Pour
79%
Affronte
73%
toupie
73%
bataille
72%
gagner
72%
ta
71%
du
70%
force
70%
ne
69%
en
68%
ultime
68%
cette
67%
et
67%
sans
67%
pas
67%
Sans
67%
tornade
66%
doute
65%
peur
65%
reste
65%
Voici
65%
Voici
65%
Voici
65%
coute
63%
coute
63%
toute
63%
Résiste
61%
une
61%
Déchaine
55%
l'énergie
54%
Provoque
54%
Qu'elle
36%
progresse
27%
rade
27%
Aucun quiz correspondant
Distribution des résultats
% des personnes avec chaque résultat
Percentile par nombre de réponses
Votre historique - résultats
Vous n’avez pas pris ce quiz